| 000 | 02289cam a22003858a 4500 | ||
|---|---|---|---|
| 001 | 14204199 | ||
| 005 | 20170105102847.0 | ||
| 008 | 051219s2006 enk b 001 0 eng | ||
| 010 | _a 2005036630 | ||
| 020 | _a0415358469 (hbk.) | ||
| 040 |
_aDLC _cDLC _dDLC |
||
| 042 | _apcc | ||
| 043 |
_ae-uk--- _ap------ _aa-ja--- |
||
| 050 | 0 | 0 |
_aD810.S7 _bF63 2006 |
| 082 | 0 | 0 |
_a940.5486 FOR 2006 _222 |
| 100 | 1 |
_aFord, Douglas, _d1972- |
|
| 245 | 1 | 0 |
_aBritain's secret war against Japan, 1937-1945 / _cDouglas Ford. |
| 260 |
_aLondon ; _aNew York : _bRoutledge, _c2006. |
||
| 263 | _a0608 | ||
| 300 | _ap. cm. | ||
| 490 | 1 |
_aStudies in intelligence series, _x1368-9916 |
|
| 504 | _aIncludes bibliographical references and index. | ||
| 505 | 0 | _aIntroduction ambiguity and complacency : Britain's assessment of Japan prior to the outbreak of war -- The lessons of defeat and limited victories, December 1941 to January 1943 -- Gauging the balance of an unpredictable war : the evolution of British intelligence on Japanese strategy, January 1943 to August 1945 -- Material and technology vs. methods of use : intelligence on the tactical and technical capabilities of Japan's armed forces -- Racial contempt or logical analysis? : British intelligence on Japanese military morale -- The intelligence war in Asia and the Pacific, 1937-1945-- the British and Japanese experiences in comparison. | |
| 650 | 0 |
_aWorld War, 1939-1945 _xMilitary intelligence _zGreat Britain. |
|
| 650 | 0 |
_aWorld War, 1939-1945 _xCampaigns _zPacific Area. |
|
| 650 | 0 |
_aWorld War, 1939-1945 _zJapan. |
|
| 650 | 0 | _aStrategy. | |
| 830 | 0 |
_aCass series on intelligence and military affairs. _pCIPSStudies in intelligence series. |
|
| 856 | 4 | 1 |
_3Table of contents only _uhttp://www.loc.gov/catdir/toc/ecip066/2005036630.html |
| 856 | 4 | 2 |
_3Publisher description _uhttp://www.loc.gov/catdir/enhancements/fy0654/2005036630-d.html |
| 906 |
_a7 _brix _corignew _d1 _eecip _f20 _gy-gencatlg |
||
| 942 |
_2ddc _cBK |
||
| 999 |
_c14102 _d14102 |
||